000 00569cam a2200145 4500500
005 20260208002410.0
041 _afre
042 _adc
100 1 0 _avan Woerkens, Martine
_eauthor
245 0 0 _aSusan McKinnon & Sydel Silverman, eds, Complexities : Beyond Nature and Nurture, Chicago, University of Chicago Press, 2005, 330 p., bibl., index, fig.
260 _c2007.
500 _a53
786 0 _nL'Homme | 183 | 3 | 2007-07-01 | p. 199d-257d | 0439-4216
856 4 1 _uhttps://shs.cairn.info/revue-l-homme-2007-3-page-199d?lang=fr&redirect-ssocas=7080
999 _c1646134
_d1646134